000 02523nam0a2200373 4500
001 RU\NLR\BIBL_A\012647896
005 20230823120250.0
010 _a978-5-7367-1633-3
_9500
021 _aRU
_bКН-П-21-048928
_9КН-П-21-3855
035 _a(NLR Aleph) 012647896
090 _a12716939
_c12716939
100 _a20211122d2021 u y0rusy50 ca
101 0 _arus
_deng
102 _aRU
105 _aa|||b|||000zy
181 0 _ai3
_baxxe
182 0 _an
200 1 _aМашины и оборудование для содержания высокопродуктивного кросса мясных кур (бройлеров)
_eкаталог
_fКузьмина Т. Н., Гусев В. А., Зазыкина Л. А.
_gМинистерство сельского хозяйства Российской Федерации, Российский научно-исследовательский институт информации и технико-экономических исследований по инженерно-техническому обеспечению агропромышленного комплекса
203 _aТекст
_bвизуальный
_cнепосредственный
210 _aМосква
_cРосинформагротех
_d2021
215 _a87 с.
_cцв. ил., табл.
_d20
300 _aАвт. указаны на обороте тит. с в макете и в вып. дан.
300 _aРез. англ.
606 1 _aБройлерное птицеводство
_jКаталоги
_xМеханизация
_92562688
_3RU\NLR\AUTH\6601728003
686 1 _aП071.68я26
700 1 _7ca
_8rus
_aКузьмина
_bТ. Н.
_cинженер-механик
_gТатьяна Николаевна
_963388
_3RU\NLR\AUTH\7780460
701 1 _7ca
_8rus
_aГусев
_bВ. А.
_cканд. с.-х. наук
_gВалентин Александрович
_9218661
_3RU\NLR\AUTH\770218717
701 1 _aЗазыкина
_bЛ. А.
_gЛюбовь Александровна
712 0 2 _4570
_aРоссийский НИИ информации и технико-экономических исследований по инженерно-техническому обеспечению агропромышленного комплекса
_cпос. Правдинский, Московская обл.
_9327418
_3RU\NLR\AUTH\8826104
942 _cBOOK
980 _aNB